000 00404 a2200145 4500
082 _a625.76 NAT
090 _c3486
_d3486
110 _aN.S.A.N.R.C
_943756
245 _aTHE AASHO ROAD TEST REPORT 3
260 _aWASHINGTON
_bNATIONAL ACADEMY OF SCIENCES
_c1962
300 _a65 P, PB
500 _aTHE AASHO ROAD TEST
526 _a0
_b0
_c0
_d625_760000000000000_NAT
942 _2ddc
_aMCE
_cD
_k625.76 NAT
999 _c547584
_d547584